00630nam a2200157Ia 4500008004100000100002700041245011400068245005900182260003900241260000900280650001800289650001500307856005800322999001900380952007300399170221s9999 xx 000 0 und d aKatharina Kovacs Burns aPortraits of People Who Are Homeless in the Canadian Media: Investigating the Journalists behind the Stories  cKatharina Kovacs Burns, Solina Richter, Jean Chaw Kant bStudies in Media and Communication c2016 xCommunication xMedia Arts uhttp://redfame.com/journal/index.php/smc/issue/view/7 c309165d309165 001040aCLbCLd2017-02-21l0r2017-02-21 00:00:00w2017-02-21yFOJ